Интерфейс виртуальных графических окон "ИНВИРГО" для персональной ЭВМ: материалы по математическому обеспечению ЭВМ

Bibliografiske detaljer
Institution som forfatter: Академия наук Белорусской ССР (АН БССР) Институт технической кибернетики (ИТК)
Andre forfattere: Киркоров С. И. (редактор)
Sprog:russisk
Udgivet: Минск, Изд-во ИТК, 1989
Fag:
Format: MixedMaterials Bog
KOHA link:https://koha.lib.tpu.ru/cgi-bin/koha/opac-detail.pl?biblionumber=251097

MARC

LEADER 00000nam0a2200000 4500
001 251097
005 20231101232626.0
020 |a RU  |b 89-17607 
035 |a (RuTPU)RU\TPU\book\273353 
090 |a 251097 
100 |a 20140219d1989 k y0rusy5003 ca 
101 0 |a rus 
102 |a BY 
105 |a y z 001zy 
200 1 |a Интерфейс виртуальных графических окон "ИНВИРГО" для персональной ЭВМ  |e материалы по математическому обеспечению ЭВМ  |f Академия наук Белорусской ССР (АН БССР), Институт технической кибернетики (ИТК) ; под ред. С. И. Киркорова 
210 |a Минск  |c Изд-во ИТК  |d 1989 
215 |a 30 с. 
606 1 |a Графические изображения  |2 stltpush  |3 (RuTPU)RU\TPU\subj\69850  |9 84525 
610 1 |a вычислительные машины электронные персональные 
610 1 |a ввод 
610 1 |a вывод 
610 1 |a графическая информация 
610 1 |a сопряжения 
610 1 |a математическое обеспечение 
675 |a 681.327  |z rus 
702 1 |a Киркоров  |b С. И.  |4 340 
712 0 2 |a Академия наук Белорусской ССР (АН БССР)  |b Институт технической кибернетики (ИТК)  |c (Минск)  |2 stltpush  |3 (RuTPU)RU\TPU\col\443 
801 0 |a RU  |b RuMRKP  |c 19960705  |g psbo 
801 1 |a RU  |b 63413507  |c 20140219 
801 2 |a RU  |b 63413507  |c 20140409  |g RCR 
942 |c BK